000 00384 a2200133 4500
005 20250317120221.0
020 _a978-1-107-40153-2
082 _a382.920 MSH
100 _aMSHOMBA, R. E.
245 _aAfrican and the World Trade Organization
260 _aNew York,
_bCambridge Universty Press,
_c2009.
300 _axxii, 360p.: map, table
_bBibliography, index
_c24cm.
942 _2ddc
_cBKS
999 _c775
_d775